Loading...
Fine Arts - Classical Music | 5 | 12.00 | 80% | 20% | 20% |
Fine Arts - Other Fine Arts | 3 | 20.00 | 100% | 67% | 33% |
Fine Arts - Visual Fine Arts | 4 | 12.50 | 100% | 25% | 0% |
Geography/Current Events | 3 | 26.67 | 100% | 100% | 67% |
History - American History | 5 | 14.00 | 80% | 40% | 20% |
History - European History | 9 | 16.67 | 100% | 44% | 22% |
History - Other History | 4 | 15.00 | 100% | 50% | 0% |
History - World History | 5 | 18.00 | 100% | 60% | 20% |
Literature - American Literature | 7 | 11.43 | 86% | 29% | 0% |
Literature - British Literature | 4 | 17.50 | 100% | 50% | 25% |
Literature - European Literature | 6 | 13.33 | 83% | 50% | 0% |
Literature - World/Other Literature | 6 | 18.33 | 100% | 67% | 17% |
Mythology | 3 | 13.33 | 100% | 0% | 33% |
Other Academic | 1 | 20.00 | 100% | 100% | 0% |
Philosophy | 4 | 15.00 | 75% | 50% | 25% |
Pop Culture | 2 | 25.00 | 100% | 100% | 50% |
Religion | 7 | 17.14 | 100% | 71% | 0% |
Science - Biology | 6 | 15.00 | 100% | 33% | 17% |
Science - Chemistry | 5 | 12.00 | 80% | 40% | 0% |
Science - Other Science | 6 | 13.33 | 83% | 50% | 0% |
Science - Physics | 5 | 14.00 | 80% | 40% | 20% |
Social Science | 8 | 13.75 | 88% | 25% | 25% |
World/Other Literature> | 1 | 20.00 | 100% | 100% | 0% |